Los animales prehistóricos / (Registro nro. 8846)

Detalles MARC
000 -LIDER
fixed length control field 00808nam a22002537a 4500
003 - IDENTIFICACDOR DE NÚMERO DE CONTROL
control field DO-SdBNP
005 - DATE AND TIME OF LATEST TRANSACTION
control field 20151120123500.0
008 - ELEMENTOS DE LONGITUD FIJA
fixed length control field 151120b 1991 sp xxu||||| |||| 00| 0 spa d
020 ## - ISBN
International Standard Book Number 8426320007
040 ## - FUENTE DE CATALOGACIÓN
Agencia que crea de manera original el registro BPMSU
Idioma de catalogación spa
Agencia que realiza la transcripción BPMSU
092 ## - LOCALLY ASSIGNED DEWEY DECIMAL CALL NUMBER
Número de clasificación xxxxxx
Número de ítem (Cutter) xxxxxx
100 1# - ASIENTO PRINCIPAL -- NOMBRE PERSONAL
Nombre personal Buffetaut, Eric
240 10 - TITULO UNIFORME
Título uniforme Animaux préhistoriques.
Idioma de una obra Español
245 10 - MENCIÓN DE TITULO
Título Los animales prehistóricos /
Mención de responsabilidad Éric Buffetaut y Jean-Jacques Hublin dibujos ; dibujos William Fraschini.
260 ## - PUBLICACIÓN, DISTRIBUCIÓN, ETC. (PIE DE IMPRENTA)
Lugar de publicación, distribución, etc Zaragoza :
Nombre del editor, distribuidor, etc. Edelvives,
Fecha de publicación, distribución, etc 1991.
300 ## - DESCRIPCIÓN FÍSICA
Extensión 69 p. :
Otros detalles físicos il. ;
Dimensiones 27 cm.
490 1# - MENCIÓN DE SERIES
Mención de serie Preguntas/respuestas junior
700 12 - ASIENTO SECUNDARIO -- NOMBRE PERSONAL
Nombre personal Hublin, Jean-Jacques
700 12 - ASIENTO SECUNDARIO -- NOMBRE PERSONAL
Nombre personal Fraschini, William,
Mención de responsabilidad il.
830 #0 - ASIENTO SECUNDARIO DE SERIE--TÍTULO UNIFORME
Título uniforme Preguntas/respuestas junior
910 ## - VALIDACIÓN
Validación 00260
942 ## - ADDED ENTRY ELEMENTS (KOHA)
Source of classification or shelving scheme Dewey Decimal Classification
Koha item type Libros
956 ## - LOCAL ELECTRONIC LOCATION AND ACCESS (OCLC)
Nombre de host Lorenza Pérez
Número de acceso 10
Instrucción BPMSU
Existencias
Withdrawn status Lost status Source of classification or shelving scheme Damaged status Not for loan Collection code Home library Current library Date acquired Source of acquisition Total Checkouts Barcode Date last seen Copy number Price effective from Koha item type
    Dewey Decimal Classification       Biblioteca Pública Metropolitana Salomé Ureña Biblioteca Pública Metropolitana Salomé Ureña 11/20/2015 Donación   BPMSU15110417 11/20/2015 1 ej. 11/20/2015 Libros